000 00225nam a22001097a 4500
999 _c65422
_d65419
082 _a297
100 _aRICHARD TAMES
245 _aAPROACHES TO ISLAM
260 _aLONDON
_bJOHON MURRY LTD
_c1982
300 _a264
942 _cBK